| 000 | 00758cam a2200229 a 4500 | ||
|---|---|---|---|
| 001 | 000006616 | ||
| 005 | 20240306073909.0 | ||
| 008 | 740125s1940 cu a 001 0bspa | ||
| 035 | _a(OCoLC)782696 | ||
| 040 |
_aDO-SdBNP _cOKentU _dOCoLC _dDLC |
||
| 042 | _apremarc | ||
| 050 | 0 | 0 |
_aPQ7389.M2 _bZ758 |
| 082 |
_annn _bQ51m |
||
| 100 | 1 |
_aQuesada y Miranda, Gonzalo de, _d1900- _918361 |
|
| 245 | 1 | 0 |
_aMartí, hombre : _bdibujos simbólicos por Oscar Salas / _cGonzalo de Quesada y Miranda. |
| 260 |
_aLa Habana : _bSeoane, Fernández, _c1940. |
||
| 300 |
_a316 p. ; _c25 cm. |
||
| 590 | _aLa biblioteca posee un ejemplar autobiografiado por el autor. | ||
| 600 | 1 | 0 |
_aMartí, José, _d1853-1895 _9645 |
| 910 | _aCatalogación por copia / LC | ||
| 049 | _aBNGR | ||
| 999 |
_c6406 _d6406 |
||